5 by 5 Food Quiz Stats

 Plays Quiz Updated Jun 10, 2016

Challenge
Share
Tweet
Score 0/25 Timer 05:00
12 Plays Today
% Correct
Bananas
99.6%
Chicken
99%
Carrots
98.9%
Milk
98.8%
Corn
98.8%
Rice
98.4%
Cheddar Cheese
98.3%
Butter
98.2%
Ham
98%
Peaches
97.9%
Steak
97.9%
Lemons
97.6%
Ice Cream
97.2%
% Correct
Raspberries
95.9%
Wheat
95.7%
Turkey
95.5%
Salmon
94.9%
Cauliflower
94.9%
Lettuce
93.8%
Green Beans
93.5%
Yogurt
93.2%
Spinach
88.5%
Oats
84.7%
Cantaloupe
82.6%
Barley
55.6%

You're not logged in!

Compare scores with friends on all Sporcle quizzes.
Join for Free
OR
Log In

You Might Also Like...

Show Comments

Extras

Top Quizzes Today


Score Distribution

Your Account Isn't Verified!

In order to create a playlist on Sporcle, you need to verify the email address you used during registration. Go to your Sporcle Settings to finish the process.

Report this User

Report this user for behavior that violates our Community Guidelines.

Details: